Which of the Four Quiz Stats

Quiz Updated Nov 18, 2017

Challenge
Share
Tweet
Embed
Score 0/12 Timer 05:00
1 Play Today
Question Answer Wrong Answers
Which Dusty had a hit with 'Son of a Preacher Man'? Dusty Springfield
86.6%
Dusty Rhodes
6.8%
Dusty Baker
4.3%
Dusty Groove
2%
Which person with the name Major was a British Prime Minister? John Major
83.7%
Major Applewhite
6.2%
Major Garrett
5.2%
Major Harris
4.8%
Which Manfred was the German WWI ace better known as the Red Baron? Manfred von Richthofen
78.3%
Manfred Rommel
10.7%
Manfred Mann
4.8%
Manfred Moore
2.9%
Which Whitey was the former organized crime boss of the Winter Hill Gang in Boston? Whitey Bulger
67.8%
Whitey Ford
13.3%
Whitey Herzog
6.7%
Whitey Lockman
9.9%
Which Curly was one of the Three Stooges? Curly Howard
65.3%
Curly Neal
16.3%
Curly Lambeau
11.1%
Curly Chalker
5.4%
Which Linus was awarded two Nobel Prizes? Linus Pauling
61.7%
Linus Torvalds
15.2%
Linus Sebastian
8.5%
Linus Van Pelt
13.6%
Which Courtney had major roles in Melrose Place, Ally McBeal and According to Jim? Courtney Thorne-Smith
59.4%
Courtney Love
17.4%
Courtney McCool
5.3%
Courtney Gibbs
14.6%
Which Yvonne portrayed Lily Munster? Yvonne De Carlo
59.1%
Yvonne Elliman
12.9%
Yvonne Craig
14.8%
Yvonne Ryding
10.6%
Which Chester was an American 5 Star Admiral? Chester W. Nimitz
56.1%
Chester A. Arthur
30.5%
Chester Bennington
7.4%
Chester Morris
5.4%
Which Cole was an American Confederate guerrilla during the American Civil War and later a partner of Jesse James? Cole Younger
54.7%
Cole Sprouse
15.5%
Cole Porter
15.1%
Cole Hamels
11.7%
Which Curtis is an actor known for his portrayal as Booger in the Revenge of the Nerds movies, and his roles in Moonlighting and Risky Business? Curtis Armstrong
46.6%
Curtis Granderson
10.9%
Curtis Strange
18.7%
Curtis Mayfield
22.1%
Which Irving topped Billboard's Power 100 in 2012 as the most powerful person in the music industry? Irving Azoff
21.6%
Irving Berlin
38.6%
Irving Thalberg
10.1%
Irving R. Levine
26.9%

You're not logged in!

Compare scores with friends on all Sporcle quizzes.
Sign Up with Email
OR
Log In

You Might Also Like...

Show Comments

Extras

Top Quizzes Today


Score Distribution

Your Account Isn't Verified!

In order to create a playlist on Sporcle, you need to verify the email address you used during registration. Go to your Sporcle Settings to finish the process.